| 000 | 00889nam a22002657a 4500 | ||
|---|---|---|---|
| 003 | DO-SdBNP | ||
| 005 | 20180214110941.0 | ||
| 008 | 180214b 1971 sp ||||| |||| 00| 0 sp a d | ||
| 040 |
_aBPMSU _bspa _cBPMSU |
||
| 100 | 1 |
_aAlcott, Louisa May, _d(1832-1888) |
|
| 240 | 1 | 0 |
_aAn old-fashioned girl. _lEspañol |
| 245 | 1 | 0 |
_aUna Muchacha anticuada / _cLouise May Alcott ; [traducción: Antonio Sanz Beneded ; ilustraciones interiores: José Mir Panareda] |
| 250 | _a[4a. ed.] | ||
| 260 |
_aBarcelona : _bBruguera, _c [1971]. |
||
| 300 |
_a255 p. : _bil. ; _c19 cm. |
||
| 490 | 1 | _aHistorias selección | |
| 490 | 1 |
_aMujercitas _v9 |
|
| 700 |
_aSanz Beneded, Antonio, _etrad. |
||
| 700 | 1 | 2 |
_aMir Panareda, José, _eil. |
| 830 | 0 | _pHistorias selección | |
| 830 | 0 |
_pMujercitas _v9 |
|
| 942 |
_2ddc _cBK |
||
| 945 | _aInventariado, 2018 /LP | ||
| 956 |
_aLOPEREZ _b10 _c20180214 _hBPMSU |
||
| 999 |
_c13290 _d13290 |
||